Responses for Show #5613 - Wednesday, January 21, 2009

Matt Kohlstedt game 3.

Contestants

[<< previous game]

Lynne McKenna Frazier, a grant proposal writer from Wayne, Indiana

Trevor Janes, a software developer from Ottawa, Ontario, Canada

Matt Kohlstedt, a graduate student originally from La Grange, Illinois (whose 2-day cash winnings total $24,600)

[next game >>]

Jeopardy! Round responses

BOOK REVIEWS BY TARZAN
SEX & THE CITY
THEME PARK FUN
I RAN FOR PREZ IN 2008
"IN" WORDS
IT'S TOO LATE
    $200 21
In Cold Blood

Matt
    $200 26
Sarah Jessica Parker

Trevor
    $200 11
Africa

Trevor
    $200 16
Hillary Rodham Clinton

Lynne
    $200 1
a shingle

Lynne
    $200 6
World War I

Trevor
    $400 22
1984

Trevor
    $400 27
Prince

Matt
    $400 12
Indiana Jones

Trevor
    $400 17
(Rudy) Giuliani

Matt
    $400 2
Helsinki

Matt
    $400 7
the Hawaiian Islands

Matt
    $600 23
One Flew Over the Cuckoo's Nest

Matt
    $600 28
Michael Phelps

Matt
    $600 13
Pennsylvania

Lynne
    $600 18
Fred Thompson

Matt
    $600 3
a cinema

Trevor
    $600 8
Napoleon

Lynne
    $800 24
Madame Bovary

Matt
    $800 29
(Matt: Who's Bob Dylan?)

Tony Bennett

MattTrevor
    $800 14
Dollywood

Matt
    $800 19
Mitt Romney

Lynne
    $800 4
a clarinet

Lynne
    $800 9
Uncle Tom

Matt
    $1000 25
Kiss of the Spider Woman

Matt
    $1000 30
Cate Blanchett

Matt
    $1000 15
a roller coaster

Lynne
    $1,200 20
Ron Paul

Lynne
    $1000 5
Minnie

Trevor
    $1000 10
the Neanderthal

Trevor

Scores at the first commercial break (after clue 15):

Matt Trevor Lynne
$2,400 $3,400 $3,200

Scores at the end of the Jeopardy! Round:

Matt Trevor Lynne
$7,200 $4,800 $5,400

Double Jeopardy! Round responses

ANNUAL EVENTS
PET PROJECTS?
SCIENTISTS AS PARENTS
KEY INGREDIENTS
BEFORE & AFTER
IT'S NEVER TOO LATE
    $400 6
the Constitution

Matt
    $400 26
Horse

Lynne
    $400 10
180

Lynne
    $400 21
soybeans

Lynne
    $400 16
Matt Damon Runyon

Matt
    $400 1
Colonel Sanders

Matt
    $800 7
Leopold

Lynne
    $800 27
(Matt: What is Lion?)

Mouse

MattTrevor
    $800 11
the retina

Trevor
    $800 22
(Lynne: What is beer?)

coffee

Lynne
Triple Stumper
    $800 17
Jenny Craig T. Nelson

Triple Stumper
    $800 2
Grandma Moses

Matt
    $1200 8
(Matt: Who is Beatrix?)

Margrethe

MattTrevor
    $1200 28
Cat

Lynne
    $3,000 12
XX

Trevor
    $1200 23
yogurt

Matt
    $1200 18
Stevie Wonder Boys

Triple Stumper
    $1200 3
Laura Ingalls Wilder

Lynne
    $1600 9
(Alex: And that is [*]. V-E Day.)

May 8th

Triple Stumper
    $1600 29
Flamingos

Trevor
    $1600 13
Kelvin

Matt
    $1600 24
herring

Lynne
    $1600 19
(Trevor: Who is Donna Lewis Carroll?)

Leona Lewis Carroll

Trevor
Triple Stumper
    $1,400 4
(Lynne: Who is Roberts?)

Edmund Hoyle

Lynne
    $2000 15
San Fermin

Matt
    $2000 30
Alligator

Matt
    $2000 14
nitrogen

Matt
    $2000 25
tarragon

Trevor
    $2000 20
Ten Days That Shook the World According to Garp

Triple Stumper
    $2000 5
Watership Down

Matt

Scores at the end of the Double Jeopardy! Round:

Matt Trevor Lynne
$18,000 $12,600 $9,200

[wagering suggestions for these scores]

Final Jeopardy! Round responses

PLAYS OF THE 1980s
LynneWhat is Redmary Redrose (Mamet)
$3,500
TrevorWhat is Glengarry Glen Ross
$6,000
MattWhat is Glengarry Glen Ross?
$7,201
Glengarry Glen Ross

Final scores:

Matt Trevor Lynne
$25,201 $18,600 $5,700
3-day champion: $49,801 2nd place: $2,000 3rd place: $1,000

Game dynamics:

Coryat scores:

Matt Trevor Lynne
$18,000 $10,800 $10,400
23 R,
3 W
15 R
(including 1 DD),
1 W
15 R
(including 1 DD),
2 W
(including 1 DD)

Combined Coryat: $39,200

[game clues] [game scores] [suggest correction]

Game tape date: 2008-11-12
The J! Archive is created by fans, for fans. Scraping, republication, monetization, and malicious use prohibited; this site may use cookies and collect identifying information. See terms. The Jeopardy! game show and all elements thereof, including but not limited to copyright and trademark thereto, are the property of Jeopardy Productions, Inc. and are protected under law. This website is not affiliated with, sponsored by, or operated by Jeopardy Productions, Inc. Join the discussion at JBoard.tv.